| Record ID | ia:advancedelectron0000unse |
| Source | Internet Archive |
| Download MARC XML | https://archive.org/download/advancedelectron0000unse/advancedelectron0000unse_marc.xml |
| Download MARC binary | https://www.archive.org/download/advancedelectron0000unse/advancedelectron0000unse_meta.mrc |
LEADER: 01540cam 2200409 4500
001 ocm00118490
003 OCoLC
005 20210212152732.0
008 710120s1970 nyua b 001 0 eng
010 $a 71122636
040 $aDLC$beng$cDLC$dSER$dAU@$dDEBBG$dOCLCO$dOCLCF$dOCLCQ$dCNUTO$dNAG$dOCLCO$dCPO$dOCLCO
019 $a976865263
035 $a(OCoLC)118490$z(OCoLC)976865263
050 00 $aTK7870$b.P68
082 04 $a621.381/043
084 $aZN 4000$2rvk
100 1 $aPrensky, Sol D.
245 10 $aAdvanced electronic instruments and their use$c[by] Sol D. Prensky.
260 $aNew York,$bHayden Book Co.$c[1970]
300 $a199 pages$billustrations$c23 cm
336 $atext$btxt$2rdacontent
337 $aunmediated$bn$2rdamedia
338 $avolume$bnc$2rdacarrier
504 $aIncludes bibliographical references (pages 189-191).
583 $acommitment to retain$c20151204$2pda$5OTUTLD
650 0 $aElectronic instruments.
650 0 $aElectronic measurements.
650 7 $aElectronic instruments.$2fast$0(OCoLC)fst00907299
650 7 $aElectronic measurements.$2fast$0(OCoLC)fst00907353
650 7 $aElektronisches Messgerät$2gnd
650 7 $aELECTRONIC EQUIPMENT.$2nasat
650 7 $aMEASUREMENT.$2nasat
776 08 $iOnline version:$aPrensky, Sol D.$tAdvanced electronic instruments and their use.$dNew York, Hayden Book Co. [1970]$w(OCoLC)608775180
029 1 $aAU@$b000042264611
029 1 $aDEBBG$bBV007169484
994 $aZ0$bP4A
948 $hNO HOLDINGS IN P4A - 152 OTHER HOLDINGS